Drop a D Quiz Stats

Quiz Updated Jul 19, 2016

Also try: Drop an E
Challenge
Share
Tweet
Embed
Score 0/15 Timer 03:00
3 Plays Today
% Correct
COLLARDS
91.3%
PLEADS
90.6%
DAUNTS
88.8%
BIDDING
88.4%
AMENDS
80%
RUDDER
77.2%
DENERVATE
70.5%
HOARDS
68.2%
% Correct
COUNTERMAND
66.5%
ENDURING
53%
DODGE
51.9%
DEFT
43.9%
FEEDING
43.7%
DENOUNCE
42.6%
LEDGER
40.7%

You're not logged in!

Compare scores with friends on all Sporcle quizzes.
Sign Up with Email
OR
Log In

You Might Also Like...

Show Comments

Extras

Top Quizzes Today


Score Distribution

Your Account Isn't Verified!

In order to create a playlist on Sporcle, you need to verify the email address you used during registration. Go to your Sporcle Settings to finish the process.

Report this User

Report this user for behavior that violates our Community Guidelines.

Details: